000 00651nam a2200253 a 4500
001 nice12345678
003 IN_TiNIC
005 20260116013934.0
008 050524s1996 dela grp 000 0 eng
020 _a
_c15
082 0 0 _a954.0258
_bPAN
100 _aPande, B N
245 _aAurangzeb and Tipu Sultan
_b Evaluation of Their Religious Policies
260 _aDelhi
_bInstitute of Objective Studies
_c1996
300 _a25p
500 _aincludes index and biblioraphy
505 2 _aindex
650 _aTipu Sultan
650 _aMughal India-Aurangzeb
700 1 _aPande, B N
902 _bSRS
942 _cBK
999 _c13196
_d13196